000 00599nam a2200181Ia 4500
008 151018s9999 xx 000 0 und d
082 _bRBASDV49604
_a891.463
100 _aसत्यजित राय
245 _aअसं असत शूटिंग
250 _b1
260 _bअस्मिता प्रकाशन पुणे
_c2009
300 _a151
600 _aसत्यजित राय
630 _aअसं असत शूटिंग
700 _aसत्यजित राय
730 _aअसं असत शूटिंग
942 _cBOOK
999 _c1048627
_d1048624